000 05384 a2200529 4500
005 20090506135437.0
008 090506t xxu||||| |||| 00| 0 eng d
010 _aENG-89416 B-312298-317
020 _a9788120334588
_c525.00
035 _aEN-72949
035 _aB-312298-317
035 _aB-357600
037 _bDBAD / PUB
040 _adpl
_bEnglish
082 _a005.13
100 _aHalvorson, Michael
245 _aMircrosoft Visual basic 2008:
_cby Michael Halvorson
_bstep by step/
260 _aNew Delhi
_bPrentice Hall of India
_c2008
270 _aM-97, Connaught Circus
_bNew Delhi
_cDelhi
_e110001
300 _axxx, 544p.
_c23 cm. ( pbk.)
_eCD-ROM
500 _aIncludes index
942 _adpl
_cEN
_2ddc
_h0056.13
_mHAL
999 _c10582
_d10582